000 00692nam a2200217Ia 4500
008 240619s9999 xx 000 0 und d
035 _a2150
040 _aGS0142000
_bmon
_cMN-UlNLM
_dMN-UlNLM
_erda
041 _amon
042 _a3023
084 _2NNA
_a74-28.6
_bА-35
100 _aАйгнэр.Э
245 0 _aДууч шувуу
264 _aУлаанбаатар
_bМонсудар
_c2009
300 _aх.
336 _2rdacontent
_atext
_btxt
337 _2rdamedia
_aunmediated
_bn
338 _2rdacarrier
_avolume
_bnc
650 _aХар хөөндэй, Дуулгат ээрүүл бялзуухай, Гал сүүлт, Зана бялзуухай
942 _2NNA
_cBK
999 _c897396
_d897453